[Event "Prague op-B 13th"]
[Site "Prague"]
[Date "2014.??.??"]
[Round "2"]
[White "Grove, Manfred"]
[Black "Ivanov, Mikhail M"]
[Result "1/2-1/2"]
[WhiteElo "1807"]
[BlackElo "1628"]
[PlyCount "98"]
[EventDate "2014.01.10"]
[EventType "swiss"]
[EventRounds "9"]
[EventCountry "CZE"]
[SourceTitle "CBM 158 Extra"]
[Source "ChessBase"]
[SourceDate "2014.02.28"]
[SourceVersion "1"]
[SourceVersionDate "2014.02.28"]
[SourceQuality "1"]

1. e4 d5 2. exd5 Qxd5 3. Nf3 Nf6 4. Nc3 Qa5 5. Be2 Bf5 6. 0-0 e6 7. d3 c6 8. Bd2 Qc7 9. h3 Bd6 10. a3 0-0 11. Nh4 Bg6 12. Bf3 Nbd7 13. Nxg6 hxg6 14. Re1 a6 15. d4 Rfe8 16. Ne4 Nxe4 17. Bxe4 Nf6 18. Bd3 e5 19. dxe5 Bxe5 20. Rb1 Rad8 21. Qf3 Nd5 22. Bg5 Bf6 23. Bd2 Rxe1+ 24. Bxe1 Re8 25. Bd2 Qb6 26. c4 Nc7 27. b4 Qd4 28. Bf4 Ne6 29. Bc1 Ng5 30. Bxg5 Bxg5 31. Rd1 Qc3 32. Be2 Qxf3 33. Bxf3 Rd8 34. Rxd8+ Bxd8 35. Kf1 Kf8 36. a4 a5 37. bxa5 Bxa5 38. Ke2 Ke7 39. Bg4 f5 40. Bf3 Bb6 41. g4 f4 42. Be4 g5 43. Bf5 Bd4 44. f3 Kd6 45. Kd3 Kc5 46. a5 Bf6 47. Bc8 b5 48. axb6 Kxb6 49. Be6 Kc5 1/2-1/2

[Event "Harburg-chG 6th"]
[Site "Hamburg"]
[Date "2008.07.20"]
[Round "5"]
[White "Olschok, Juergen"]
[Black "Grove, Manfred"]
[Result "1-0"]
[WhiteElo "1626"]
[BlackElo "1680"]
[PlyCount "51"]
[EventDate "2008.07.18"]
[EventType "tourn"]
[EventRounds "5"]
[EventCountry "GER"]
[SourceTitle "EXT 2009"]
[Source "ChessBase"]
[SourceDate "2008.11.26"]
[SourceVersion "1"]
[SourceVersionDate "2008.11.26"]
[SourceQuality "1"]

1. e4 e5 2. d4 exd4 3. c3 d3 4. Bxd3 Nc6 5. Nf3 d6 6. Bf4 Be7 7. Nbd2 Nf6 8. h3 h6 9. b4 Be6 10. Nb3 Nd7 11. Nbd4 Bf6 12. Rc1 Nce5 13. Nxe6 Nxd3+ 14. Qxd3 fxe6 15. 0-0 0-0 16. Be3 a6 17. Rfd1 Ne5 18. Nxe5 dxe5 19. Qc4 Qc8 20. Rd2 Rd8 21. Rcd1 Rxd2 22. Rxd2 Kf7 23. f4 Ke8 24. f5 Kf7 25. fxe6+ Qxe6 26. Qxc7+ 1-0